MyGZULibrary

Agroecology in practice : (Record no. 11682)

MARC details
000 -LEADER
fixed length control field 02899cam a22003978i 4500
001 - CONTROL NUMBER
control field 23873649
003 - CONTROL NUMBER IDENTIFIER
control field GZU
005 - DATE AND TIME OF LATEST TRANSACTION
control field 20260310143200.0
008 - FIXED-LENGTH DATA ELEMENTS--GENERAL INFORMATION
fixed length control field 240830s2025 mau b 001 0 eng
010 ## - LIBRARY OF CONGRESS CONTROL NUMBER
LC control number 2024039592
020 ## - INTERNATIONAL STANDARD BOOK NUMBER
International Standard Book Number 9781800628762
Qualifying information (hardback)
020 ## - INTERNATIONAL STANDARD BOOK NUMBER
International Standard Book Number 9781800628779
Qualifying information (paperback)
022 ## - INTERNATIONAL STANDARD SERIAL NUMBER
International Standard Serial Number .
035 ## - SYSTEM CONTROL NUMBER
System control number 23873649
040 ## - CATALOGING SOURCE
Original cataloging agency DNAL/DLC
Language of cataloging eng
Description conventions rda
Transcribing agency DLC
Modifying agency GZULib
042 ## - AUTHENTICATION CODE
Authentication code pcc
050 00 - LIBRARY OF CONGRESS CALL NUMBER
Classification number S589.7
Item number .BEN 2025
100 1# - MAIN ENTRY--PERSONAL NAME
Personal name Bentley, Jeffrey W.,
Relator term author.
245 10 - TITLE STATEMENT
Title Agroecology in practice :
Remainder of title from local initiatives to global scaling through video /
Statement of responsibility, etc. Jeffrey W. Bentley, Paul Van Mele.
263 ## - PROJECTED PUBLICATION DATE
Projected publication date 2502
264 #1 - PRODUCTION, PUBLICATION, DISTRIBUTION, MANUFACTURE, AND COPYRIGHT NOTICE
Place of production, publication, distribution, manufacture Boston, MA :
Name of producer, publisher, distributor, manufacturer CAB International,
Date of production, publication, distribution, manufacture, or copyright notice 2025.
300 ## - PHYSICAL DESCRIPTION
Extent xvii, 309 pages
Other physical details illustrations
336 ## - CONTENT TYPE
Content type term text
Content type code txt
Source rdacontent
337 ## - MEDIA TYPE
Media type term unmediated
Media type code n
Source rdamedia
338 ## - CARRIER TYPE
Carrier type term volume
Carrier type code nc
Source rdacarrier
504 ## - BIBLIOGRAPHY, ETC. NOTE
Bibliography, etc. note Includes bibliographical references and index.
505 ## - FORMATTED CONTENTS NOTE
Formatted contents note .
520 ## - SUMMARY, ETC.
Summary, etc. "Industrial agriculture has taken a toll on our soils, environment, and local food cultures. Agroecology in Practice offers a beacon of hope. This practical guide shares ideas and techniques with readers seeking to implement agroecological principles. This book presents innovative examples from across the globe on how to: Rebuild soil health and fertility Enhance biodiversity on your farm Conserve water resources Manage pests and diseases sustainably Ensure humane livestock care Support farmer cooperation Build local food systems. This book inspires the reader with real-world examples. It also explores the multiple ways in which video can contribute to building the necessary knowledge to transform food systems. Agroecology in Practice is a must-read for: Farmers seeking to transition to more sustainable practices Agricultural professionals and educators Students of agroecology Policymakers and anyone invested in a healthier future for our planet. The book leverages the power of digital resources by linking each short section to a relevant video on the award-winning platform Access Agriculture (www.accessagriculture.org). These digital links provide the readers with 132 high-quality video demonstrations and explanations, enriching the learning experience and bringing the content to life. These videos share a visual and engaging way to learn, complementing the written content in the book. We hope that having this rich multimedia component will make the book more attractive in a competitive market"--
Assigning source Provided by publisher.
530 ## - ADDITIONAL PHYSICAL FORM AVAILABLE NOTE
Additional physical form available note Also available online.
650 #0 - SUBJECT ADDED ENTRY--TOPICAL TERM
Topical term or geographic name entry element Agricultural ecology.
650 #0 - SUBJECT ADDED ENTRY--TOPICAL TERM
Topical term or geographic name entry element Sustainable agriculture.
650 #0 - SUBJECT ADDED ENTRY--TOPICAL TERM
Topical term or geographic name entry element Agricultural development projects.
700 1# - ADDED ENTRY--PERSONAL NAME
Personal name Mele, Paul van,
Relator term author.
776 08 - ADDITIONAL PHYSICAL FORM ENTRY
Relationship information Online version:
Main entry heading Bentley, Jeffrey W.
Title Agroecology in practice
Place, publisher, and date of publication Boston, MA : CAB International, 2025
International Standard Book Number 9781800628786
Record control number (DLC) 2024039593
942 ## - ADDED ENTRY ELEMENTS (KOHA)
Source of classification or shelving scheme Library of Congress Classification
Koha item type Books
Classification part 589.7
Item part BEN
Call number prefix S
Holdings
Withdrawn status Lost status Source of classification or shelving scheme Damaged status Not for loan Collection code Home library Current library Shelving location Date acquired Source of acquisition Total Checkouts Full call number Barcode Date last seen Copy number Price effective from Koha item type
    Library of Congress Classification     Non-fiction Mashava Campus Library Mashava Campus Library General Stacks 03/10/2026 Baroda   S589.7 BEN 2025 034307 03/10/2026 c. 1 03/10/2026 Books